| 000 | 00966cam a2200265 4500 | ||
|---|---|---|---|
| 001 | ABS64244 | ||
| 008 | 010806n2001 000 0 eng u | ||
| 035 | _a(Sirsi) u113952 | ||
| 100 | _aCox, J. | ||
| 245 | _aLeisure property trends : consumer markets and behaviour | ||
| 260 | _c2001 | ||
| 490 |
_aJournal of Leisure Property _v1(3) July 2001, 277-286(10) |
||
| 520 | _aUses the latest UK data on consumer spending to give an indication of the state of the leisure market and calls for comparison between the emerging trends and behavioural patterns in order to develop accurate predictions for the future. | ||
| 590 | _aABS | ||
| 650 | _aBEHAVIOURAL ASPECTS | ||
| 650 | _aCONSUMER PATTERNS | ||
| 650 | _aCONSUMER SPENDING | ||
| 650 | _aEXPENDITURE | ||
| 650 | _aLEISURE MARKET | ||
| 650 | _aLEISURE TRENDS | ||
| 650 | _aLEISURE PROPERTY | ||
| 650 | _aTRENDS | ||
| 690 | _aPROPERTY-COMMERCIAL PROPERTY-COMMERCIAL PROPERTY MARKET | ||
| 942 | _n0 | ||
| 999 |
_c67903 _d67903 |
||